[Event "Titled Tue 3rd Jan Late"]
[Site "chess.com INT"]
[Date "2025.06.03"]
[Round "6"]
[White "Rustamov, Rustam"]
[Black "Sadubayev, Airat"]
[Result "1-0"]
[WhiteTitle "FM"]
[BlackTitle "FM"]
[WhiteElo "2323"]
[BlackElo "2211"]
[WhiteFideId "13440110"]
[BlackFideId "13713264"]
[EventDate "2025.06.03"]

1. e4 c6 2. Nf3 d5 3. Nc3 dxe4 4. Nxe4 Nf6 5. Qe2 Nxe4 6. Qxe4 Be6 7. Bc4 Bd5 8.
Qe2 e6 9. O-O Be7 10. d4 Bxc4 11. Qxc4 O-O 12. Rd1 Qd5 13. Qe2 b5 14. Be3 Nd7
15. Rac1 Nb6 16. Ne5 Rac8 17. c4 bxc4 18. Nxc4 Rfd8 19. b3 Bf6 20. h3 Qe4 21.
Nd2 Qg6 22. Nf3 Nd5 23. Qa6 Qe4 24. Nd2 Qf5 25. Qe2 h6 26. Qf3 Qxf3 27. Nxf3 a5
28. Nd2 a4 29. Ne4 axb3 30. axb3 Be7 31. Nc3 Rb8 32. Nxd5 Rxd5 33. Rxc6 Rxb3 34.
Ra1 Rd7 35. g4 Bf6 36. Rd1 Rb4 37. Kg2 Bxd4 38. h4 e5 39. h5 Rb8 40. Kf3 Rbd8
41. Rb1 Bxe3 42. fxe3 Re7 43. Rb5 Ra8 44. Ke4 Kh7 45. Rb4 f6 46. Kf5 Rd8 47. Ra4
Rg8 48. Ke4 Rf7 49. Raa6 Rb8 50. Kf5 Re8 51. Rab6 Rd7 52. Ke4 Rd1 53. Rb7 Rg1
54. Kf3 Rf8 55. Rcc7 Rg8 56. Rf7 Kh8 57. Rbc7 Rf1+ 58. Kg3 Kh7 59. Kg2 Re1 60.
Kf2 Rh1 61. Rxf6 Rh4 62. Kg3 Rh1 63. Re6 Rg1+ 64. Kh3 Rf8 65. Rg6 Rg8 66. Re7 e4
67. Rxe4 Rf1 68. Re7 Rg1 69. e4 Kh8 70. e5 Kh7 71. e6 Kh8 72. Rf7 Rc8 73. e7
Rc3+ 74. Kh2 Re1 75. Rf8+ Kh7 76. e8=Q Rc2+ 77. Kg3 Rc3+ 78. Kg2 Rc2+ 79. Kf3
Rc3+ 80. Kf2 Rxe8 81. Rxe8 Rf3+ 82. Ke2 Rf2+ 83. Kd3 Rd2+ 84. Kc3 Rc2+ 85. Kb4
Rc4+ 86. Kb5 Rc5+ 87. Kb6 Rb5+ 88. Kc7 Rb7+ 89. Kd6 Rd7+ 90. Ke6 Rd6+ 91. Ke5
Rd5+ 92. Kf4 Rf5+ 93. Ke3 Rf3+ 94. Kd4 Rd3+ 95. Kc4 Rd4+ 96. Kb5 Rd5+ 97. Ka6
Ra5+ 98. Kb7 Ra7+ 99. Kc6 Rc7+ 100. Kd5 Rc5+ 101. Ke6 Rc6+ 102. Kf7 Rc7+ 103.
Re7 1-0

[Event "Titled Tue 3rd Jan Late"]
[Site "chess.com INT"]
[Date "2025.06.03"]
[Round "6"]
[White "Kozionov, Kirill"]
[Black "Ozkan, Taha"]
[Result "1/2-1/2"]
[WhiteTitle "IM"]
[BlackTitle "FM"]
[WhiteElo "2449"]
[BlackElo "2247"]
[WhiteFideId "24101729"]
[BlackFideId "34577173"]
[EventDate "2025.06.03"]

1. e4 e6 2. d4 d5 3. Nd2 c5 4. exd5 Qxd5 5. Ngf3 cxd4 6. Bc4 Qd6 7. O-O Nf6 8.
Nb3 Nc6 9. Nbxd4 Nxd4 10. Nxd4 Qc7 11. Bd3 a6 12. Re1 Be7 13. Qf3 O-O 14. Bf4
Qb6 15. Nb3 Bd7 16. Be3 Qc7 17. Bf4 Qb6 18. Be3 Qc6 19. Qh3 g6 20. Nd4 Qc7 21.
Qg3 Qxg3 22. hxg3 Rfd8 23. c3 Nd5 24. Bd2 Bf6 25. Be4 Be8 26. Bxd5 Rxd5 27. Be3
Rad8 28. g4 b5 29. a3 h5 30. gxh5 Rxh5 31. Ne2 Bc6 32. Rad1 Rc8 33. Bd4 Kg7 34.
Bxf6+ Kxf6 35. Nd4 Bd5 36. f3 Rch8 37. Kf2 Bc4 38. Nc6 Rg5 39. Rd7 Kg7 40. Ne5
Rf5 41. Nxc4 bxc4 42. Rc7 Rb5 43. Re2 Rhb8 44. Rxe6 Rxb2+ 45. Kg3 Kg8 46. Ree7
Rf8 47. Rxc4 Rb3 48. Ra4 Rxc3 49. Rxa6 Rc5 50. Raa7 Rf5 51. Kf2 Rb8 52. Rab7 Ra8
53. Ra7 Rb8 54. Reb7 Rc8 55. Rc7 Rb8 56. Rab7 Rd8 57. Rd7 Ra8 58. Rb3 Rfa5 59.
Rdd3 Kg7 60. Ke2 R8a7 61. Kd2 Rg5 62. g4 Rc5 63. Rbc3 Rb5 64. Kc2 Re7 65. Rb3
Re2+ 66. Kc3 Rc5+ 67. Kb4 Rc8 68. a4 Ra2 69. Ra3 Rb8+ 70. Kc5 Rc2+ 71. Kd6 Rd8+
72. Ke7 Ra8 73. a5 Rc5 74. a6 Rc6 75. Rd6 Ra7+ 76. Rd7 Raxa6 77. Rxa6 Rxa6 78.
Rd6 Ra7+ 79. Ke8 Ra8+ 80. Ke7 Ra7+ 81. Ke8 Ra3 82. f4 Ra4 83. f5 Rf4 84. fxg6
fxg6 85. g5 Rf5 86. Ke7 Rxg5 87. Ke6 Rf5 88. Rd3 Rf6+ 89. Ke5 g5 90. Rg3 Kg6 91.
Rg1 Rf4 92. Rh1 Rf5+ 93. Ke4 Rf8 94. Rg1 Rf4+ 95. Ke3 Kf5 96. Ra1 Re4+ 97. Kf3
g4+ 98. Kg2 Kf4 99. Kg1 Re3 100. Rb1 Kg3 101. Ra1 Kh3 102. Rb1 Rg3+ 103. Kh1 Rg2
104. Rb3+ Rg3 105. Rb1 Ra3 106. Rc1 Ra2 107. Rb1 Rh2+ 108. Kg1 g3 109. Ra1 Rb2
110. Rc1 Kg4 111. Rc4+ Kf3 112. Rc1 Rf2 113. Ra1 Kf4 114. Rb1 Kg4 115. Ra1 Rf4
116. Rb1 Ra4 117. Rc1 Rb4 118. Ra1 Rb2 119. Rc1 Kh3 120. Ra1 Rg2+ 121. Kh1 Rf2
122. Kg1 Rf8 123. Rb1 Rc8 124. Ra1 Rc2 125. Rb1 Ra2 126. Rc1 Ra6 127. Rb1 Rc6
128. Ra1 1/2-1/2

[Event "Titled Tue 3rd Jan Late"]
[Site "chess.com INT"]
[Date "2025.06.03"]
[Round "7"]
[White "Diaz Cesar, Wilsaida Pieranlly"]
[Black "Calhoun, Luke"]
[Result "0-1"]
[WhiteTitle "WFM"]
[WhiteElo "1892"]
[BlackElo "1985"]
[WhiteFideId "6403557"]
[BlackFideId "2064421"]
[EventDate "2025.06.03"]

1. e4 d6 2. d4 Nf6 3. Nc3 e5 4. dxe5 dxe5 5. Qxd8+ Kxd8 6. Nf3 Bd6 7. Bc4 Be6 8.
Bxe6 fxe6 9. b3 Bb4 10. Bb2 Nxe4 11. O-O-O+ Nd6 12. Nxe5 Kc8 13. a3 Bc5 14. Nd3
Bb6 15. a4 a5 16. f3 Nc6 17. Nf4 Be3+ 0-1

[Event "Titled Tue 3rd Jan Late"]
[Site "chess.com INT"]
[Date "2025.06.03"]
[Round "7"]
[White "Kozionov, Kirill"]
[Black "Carlsson, Ludvig"]
[Result "1/2-1/2"]
[WhiteTitle "IM"]
[BlackTitle "IM"]
[WhiteElo "2449"]
[BlackElo "2374"]
[WhiteFideId "24101729"]
[BlackFideId "1727010"]
[EventDate "2025.06.03"]

1. e4 e5 2. Nf3 Nc6 3. d3 Nf6 4. Nbd2 d5 5. g3 h6 6. Bg2 a5 7. O-O Bc5 8. Re1
dxe4 9. Nxe4 Nxe4 10. dxe4 Qxd1 11. Rxd1 Be6 12. c3 Ke7 13. Be3 Bxe3 14. fxe3
Rhd8 15. Kf2 Rxd1 16. Rxd1 Bxa2 17. Nh4 g6 18. Bf1 Rd8 19. Ra1 Rd2+ 20. Kg1 Rxb2
21. Bb5 Rb1+ 22. Rxb1 Bxb1 23. Nf3 Bxe4 24. Bxc6 Bxc6 25. Nxe5 a4 26. Nc4 Bb5
27. Na3 Bd3 28. Kf2 b5 29. Ke1 c5 30. Kd2 b4 31. Kxd3 bxa3 32. Kc2 Ke6 33. c4
Ke5 34. Kb1 Ke4 35. Ka2 Kxe3 36. Kxa3 Kd4 37. Kxa4 Kxc4 38. Ka3 Kd3 39. Kb2 c4
40. Kc1 f5 41. h3 c3 42. Kd1 c2+ 43. Kc1 Kc3 44. h4 h5 45. g4 f4 46. g5 f3 1/2-1/2

[Event "Titled Tue 3rd Jan Late"]
[Site "chess.com INT"]
[Date "2025.06.03"]
[Round "7"]
[White "Jing, Andrew"]
[Black "Escareno Rojas, Angel Salvador"]
[Result "0-1"]
[WhiteTitle "FM"]
[WhiteElo "2254"]
[BlackElo "1965"]
[WhiteFideId "30984076"]
[BlackFideId "5107733"]
[EventDate "2025.06.03"]

1. e4 c5 2. Nf3 d6 3. Bb5+ Bd7 4. Bxd7+ Nxd7 5. O-O Ngf6 6. Re1 g6 7. c3 Bg7 8.
d4 cxd4 9. cxd4 O-O 10. Nc3 Rc8 11. h3 Nb6 12. Qb3 e6 13. Bf4 d5 14. e5 Nfd7 15.
a4 Nc4 16. Nd2 Ndb6 17. Ndb1 f6 18. a5 Nd7 19. exf6 Bxf6 20. Rxe6 Bxd4 21. Bg3
Nc5 22. Qd1 Nxe6 0-1

[Event "Titled Tue 3rd Jan Late"]
[Site "chess.com INT"]
[Date "2025.06.03"]
[Round "7"]
[White "Avila, Lucas"]
[Black "Noroozi, Omid"]
[Result "0-1"]
[BlackTitle "IM"]
[WhiteElo "2182"]
[BlackElo "2266"]
[WhiteFideId "107751"]
[BlackFideId "12501190"]
[EventDate "2025.06.03"]

1. e4 c5 2. Nf3 d6 3. d4 cxd4 4. Qxd4 Nc6 5. Qe3 Nf6 6. h3 g6 7. c4 Bg7 8. Nc3
O-O 9. Be2 Be6 10. O-O Rc8 11. Rb1 Nd7 12. b3 Nde5 13. Bb2 Nxf3+ 14. Bxf3 Nd4
15. Rfd1 Nxf3+ 16. Qxf3 f5 17. exf5 Bxf5 18. Rbc1 Bh6 19. Ra1 Rf7 20. Qxb7 e6
21. Rxd6 Rxb7 0-1

[Event "Titled Tue 3rd Jan Late"]
[Site "chess.com INT"]
[Date "2025.06.03"]
[Round "7"]
[White "Makaraci, Tunahan"]
[Black "Tan, Zhongyi"]
[Result "0-1"]
[WhiteTitle "FM"]
[BlackTitle "GM"]
[WhiteElo "2233"]
[BlackElo "2536"]
[WhiteFideId "6356559"]
[BlackFideId "8603642"]
[EventDate "2025.06.03"]

1. e4 e5 2. Nc3 Nf6 3. f4 d5 4. fxe5 Nxe4 5. Qf3 Nxc3 6. dxc3 Be6 7. Bf4 Nd7 8.
O-O-O g5 9. Bg3 h5 10. h4 Bg4 11. Qxd5 Bxd1 12. Qxd1 Qe7 13. Nf3 g4 14. Ng5 Bh6
15. Bb5 O-O-O 16. Qe2 Bxg5+ 17. hxg5 Qxg5+ 18. Kb1 h4 19. Bf2 a6 20. Ba4 Nxe5
21. Be3 Qf5 22. Rf1 Qe4 0-1

[Event "Titled Tue 3rd Jan Late"]
[Site "chess.com INT"]
[Date "2025.06.03"]
[Round "7"]
[White "Aliyev, Elnur"]
[Black "Perry, Patrick"]
[Result "1-0"]
[WhiteTitle "CM"]
[WhiteElo "2155"]
[BlackElo "2296"]
[WhiteFideId "13402617"]
[BlackFideId "30917727"]
[EventDate "2025.06.03"]

1. c4 Nf6 2. g3 g6 3. Bg2 Bg7 4. b4 O-O 5. Bb2 d6 6. e3 c6 7. Ne2 e5 8. O-O Bf5
9. d3 Re8 10. a4 Na6 11. b5 Nc5 12. bxc6 Qb6 13. cxb7 Rab8 14. d4 Qxb2 15. dxc5
Qxa1 16. c6 Re7 17. Qxd6 Rbxb7 18. cxb7 Qb2 19. b8=Q+ 1-0

[Event "Titled Tue 3rd Jan Late"]
[Site "chess.com INT"]
[Date "2025.06.03"]
[Round "7"]
[White "Van der Werf, Mark"]
[Black "Fernandes, Rogerio Paulo Muller"]
[Result "0-1"]
[WhiteTitle "IM"]
[WhiteElo "2391"]
[BlackElo "2241"]
[WhiteFideId "1000470"]
[BlackFideId "2101599"]
[EventDate "2025.06.03"]

1. Nf3 Nf6 2. c4 c5 3. d4 cxd4 4. Nxd4 Nc6 5. g3 g6 6. Bg2 Bg7 7. O-O O-O 8. Nc3
Qb6 9. Nb3 d6 10. Bg5 Be6 11. c5 Bxb3 12. Qxb3 Qxc5 13. Qxb7 Qxg5 14. Qxc6 Rab8
15. Rab1 Rfc8 16. Qa4 a5 17. b3 Rxc3 18. Qxa5 Qxa5 0-1

[Event "Titled Tue 3rd Jan Late"]
[Site "chess.com INT"]
[Date "2025.06.03"]
[Round "7"]
[White "Raptis, Nick"]
[Black "Reprintsev, Alexander"]
[Result "1-0"]
[WhiteTitle "FM"]
[BlackTitle "IM"]
[WhiteElo "2220"]
[BlackElo "2256"]
[WhiteFideId "2016850"]
[BlackFideId "14100541"]
[EventDate "2025.06.03"]

1. d4 d5 2. Nc3 Nf6 3. Bg5 Bf5 4. f3 Nbd7 5. Nxd5 Nxd5 6. e4 h6 7. Bh4 Ne3 8.
Qd3 Nxf1 9. exf5 c5 10. O-O-O cxd4 11. Qxf1 Qa5 12. Kb1 Qxf5 13. Rxd4 e5 14. Qb5
Qe6 15. Qxb7 Rb8 16. Rxd7 1-0

[Event "Titled Tue 3rd Jan Late"]
[Site "chess.com INT"]
[Date "2025.06.03"]
[Round "7"]
[White "Ambrogi, Agustin"]
[Black "Melendez Manuel A."]
[Result "1-0"]
[WhiteTitle "FM"]
[BlackTitle "FM"]
[WhiteElo "2237"]
[BlackElo "2154"]
[WhiteFideId "170933"]
[BlackFideId "6706800"]
[EventDate "2025.06.03"]

1. e4 e5 2. Nf3 Nc6 3. Bc4 Nf6 4. d4 exd4 5. e5 Ne4 6. O-O d5 7. exd6 Nxd6 8.
Bd5 Ne7 9. Re1 Bg4 10. Qxd4 Qd7 11. Ne5 Nb5 12. Bxf7+ Kd8 13. Qxg4 1-0

[Event "Titled Tue 3rd Jan Late"]
[Site "chess.com INT"]
[Date "2025.06.03"]
[Round "7"]
[White "Paravyan, David"]
[Black "Antoniou, Rafail"]
[Result "1-0"]
[WhiteTitle "GM"]
[BlackTitle "CM"]
[WhiteElo "2596"]
[BlackElo "2134"]
[WhiteFideId "4194985"]
[BlackFideId "5904390"]
[EventDate "2025.06.03"]

1. c4 e6 2. Nc3 d5 3. d4 Nf6 4. cxd5 exd5 5. Bg5 c6 6. e3 Be6 7. Bd3 Nbd7 8. h3
h6 9. Bf4 Nb6 10. Nf3 Bd6 11. O-O g5 12. Bxd6 Qxd6 13. Ne5 O-O-O 14. f4 gxf4 15.
exf4 Nc4 16. f5 Ne3 17. Qf3 Nxf1 18. fxe6 fxe6 19. Nf7 Rhf8 20. Nxd6+ 1-0

[Event "Titled Tue 3rd Jan Late"]
[Site "chess.com INT"]
[Date "2025.06.03"]
[Round "7"]
[White "Mafra, Kaiser Luiz"]
[Black "Yue, Tariq"]
[Result "0-1"]
[WhiteTitle "CM"]
[BlackTitle "CM"]
[WhiteElo "2094"]
[BlackElo "2192"]
[WhiteFideId "2106698"]
[BlackFideId "30975182"]
[EventDate "2025.06.03"]

1. d4 Nf6 2. Nc3 d5 3. Bf4 c6 4. e3 Bf5 5. f3 h5 6. Bd3 Bxd3 7. Qxd3 e6 8. O-O-O
Nbd7 9. e4 g6 10. Nh3 Qa5 11. Rhe1 Bb4 12. exd5 Bxc3 13. dxe6 Bxe1 14. exf7+ Kd8
15. c3 Bh4 16. g3 g5 17. Be5 g4 18. Nf4 Bg5 19. Kb1 Bxf4 20. gxf4 Qd5 21. Qf5
Qxf7 22. fxg4 hxg4 23. d5 cxd5 24. Rxd5 Qxd5 25. Bxf6+ Nxf6 26. Qxf6+ Kd7 0-1

[Event "Titled Tue 3rd Jan Late"]
[Site "chess.com INT"]
[Date "2025.06.03"]
[Round "7"]
[White "Ngo, Quang Thai"]
[Black "Sindarov, Islombek"]
[Result "0-1"]
[BlackTitle "CM"]
[WhiteElo "2341"]
[BlackElo "2129"]
[WhiteFideId "12403768"]
[BlackFideId "14205475"]
[EventDate "2025.06.03"]

1. c4 g6 2. g3 Bg7 3. Bg2 c5 4. Nc3 Nc6 5. Rb1 Nf6 6. a3 O-O 7. b4 cxb4 8. axb4
e6 9. b5 Ne5 10. d3 d5 11. cxd5 Nxd5 12. Nxd5 exd5 13. Nf3 Nxf3+ 14. Bxf3 Bh3
15. Qb3 Rc8 16. Bd2 Re8 17. Qxd5 Qf6 18. Be4 Rc2 19. f3 Rxd2 20. Kxd2 Qc3+ 21.
Ke3 Be6 22. Qxb7 Bd4+ 23. Kf4 Qd2+ 24. e3 Qxe3# 0-1

[Event "Titled Tue 3rd Jan Late"]
[Site "chess.com INT"]
[Date "2025.06.03"]
[Round "7"]
[White "Khanbutaev, Artemii"]
[Black "Vazelakis, Dimitrios"]
[Result "1-0"]
[WhiteElo "2059"]
[BlackElo "1857"]
[WhiteFideId "55747175"]
[BlackFideId "4203674"]
[EventDate "2025.06.03"]

1. d4 e6 2. c4 f5 3. g3 Nf6 4. Bg2 Be7 5. Nf3 O-O 6. O-O d6 7. b3 a5 8. Bb2 a4
9. b4 Ne4 10. a3 Bf6 11. Nc3 Nc6 12. Nxa4 e5 13. dxe5 dxe5 14. Nc3 Nxc3 15. Bxc3
Qxd1 16. Rfxd1 e4 17. Nd4 Ne5 18. Nb5 e3 19. f4 Nxc4 20. Bxf6 gxf6 21. Nxc7 Rxa3
22. Bd5+ Kg7 23. Bxc4 Rxa1 24. Rxa1 Bd7 25. b5 Rc8 26. b6 Rd8 27. Be6 Kg6 28.
Rd1 1-0

[Event "Titled Tue 3rd Jan Late"]
[Site "chess.com INT"]
[Date "2025.06.03"]
[Round "7"]
[White "Baltabaev, Temirlan"]
[Black "Dubnevych, Maksym"]
[Result "0-1"]
[WhiteTitle "FM"]
[BlackTitle "FM"]
[WhiteElo "2295"]
[BlackElo "2292"]
[WhiteFideId "4112172"]
[BlackFideId "14184001"]
[EventDate "2025.06.03"]

1. d4 Nf6 2. Nf3 e6 3. g3 d5 4. c4 dxc4 5. Bg2 Nbd7 6. Na3 Bxa3 7. bxa3 O-O 8.
O-O b5 9. Ne5 Nd5 10. e4 Nxe5 11. exd5 Nd3 12. dxe6 Bxe6 13. Be3 Bd5 14. Rb1
Bxg2 15. Kxg2 Qd5+ 16. Qf3 Rfd8 17. Rfd1 c6 18. a4 a6 19. axb5 axb5 20. Rd2 Ra4
21. Rbd1 Nb4 22. Bf4 c3 23. Re2 Qxf3+ 24. Kxf3 c2 25. Rde1 h6 26. Be5 Nd3 0-1

[Event "Titled Tue 3rd Jan Late"]
[Site "chess.com INT"]
[Date "2025.06.03"]
[Round "7"]
[White "Mitrabha, Guha"]
[Black "Danila, Tudor-Gabriel"]
[Result "1-0"]
[WhiteTitle "GM"]
[BlackTitle "CM"]
[WhiteElo "2515"]
[BlackElo "2178"]
[WhiteFideId "5057000"]
[BlackFideId "1274244"]
[EventDate "2025.06.03"]

1. Nf3 Nf6 2. g3 e6 3. Bg2 d5 4. O-O c5 5. c4 d4 6. e3 Nc6 7. exd4 cxd4 8. d3
Be7 9. Bg5 O-O 10. Bxf6 Bxf6 11. Nbd2 Be7 12. a3 a5 13. Ne1 e5 14. Nc2 Bf5 15.
Qe2 Re8 16. Rab1 a4 17. b4 axb3 18. Rxb3 Qc7 19. Rfb1 Ra7 20. h4 Rea8 21. Bd5
Nd8 22. Qf3 Be6 23. Bxe6 Nxe6 24. Rxb7 Rxb7 25. Rxb7 1-0

[Event "Titled Tue 3rd Jan Late"]
[Site "chess.com INT"]
[Date "2025.06.03"]
[Round "7"]
[White "Metin, Enis"]
[Black "Shukhman, Anna"]
[Result "0-1"]
[BlackTitle "WGM"]
[WhiteElo "2169"]
[BlackElo "2413"]
[WhiteFideId "26306948"]
[BlackFideId "54180058"]
[EventDate "2025.06.03"]

1. e4 c5 2. Nf3 d6 3. d4 cxd4 4. Nxd4 Nf6 5. Nc3 g6 6. Be3 Nc6 7. f3 h5 8. Bc4
Bd7 9. Qd2 Bg7 10. O-O-O Ne5 11. Bb3 Rc8 12. Kb1 Nc4 13. Bxc4 Rxc4 14. h4 a6 15.
Rhe1 O-O 16. Rh1 b5 17. g4 b4 18. Nd5 Nxd5 19. exd5 hxg4 20. h5 gxf3 21. b3 Rc3
22. Bh6 e5 23. dxe6 fxe6 24. Bxg7 Kxg7 25. hxg6 0-1

[Event "Titled Tue 3rd Jan Late"]
[Site "chess.com INT"]
[Date "2025.06.03"]
[Round "7"]
[White "Alekseev, Evgeny"]
[Black "Lymar, Vladislav"]
[Result "1-0"]
[WhiteTitle "GM"]
[BlackTitle "CM"]
[WhiteElo "2516"]
[BlackElo "2216"]
[WhiteFideId "4138147"]
[BlackFideId "14162180"]
[EventDate "2025.06.03"]

1. e4 d5 2. exd5 Qxd5 3. Nf3 Bg4 4. Nc3 Qe6+ 5. Qe2 Qxe2+ 6. Bxe2 Nc6 7. h3 Bf5
8. Bb5 Bd7 9. d4 e6 10. Bf4 Bd6 11. Bxd6 cxd6 12. d5 Nb4 13. Bxd7+ Kxd7 14.
dxe6+ fxe6 15. O-O-O Nf6 16. Rhe1 Nbd5 17. Nxd5 Nxd5 18. Ng5 Rae8 19. c4 Rc8 20.
Nxe6 Rxc4+ 21. Kb1 Nf6 22. Nxg7 Rg8 23. Nf5 Rxg2 24. Rxd6+ Kc7 25. Rxf6 Rxf2 26.
Re7+ 1-0

[Event "Titled Tue 3rd Jan Late"]
[Site "chess.com INT"]
[Date "2025.06.03"]
[Round "7"]
[White "Kovacsy, Barnabas"]
[Black "Guliev, Gasan"]
[Result "0-1"]
[WhiteTitle "FM"]
[BlackTitle "CM"]
[WhiteElo "2252"]
[BlackElo "2123"]
[WhiteFideId "769290"]
[BlackFideId "34165638"]
[EventDate "2025.06.03"]

1. e4 c5 2. Nf3 Nc6 3. d4 cxd4 4. Nxd4 Nf6 5. Nc3 e5 6. Ndb5 d6 7. Bg5 a6 8. Na3
b5 9. Bxf6 gxf6 10. Nd5 f5 11. g3 fxe4 12. Bg2 Be6 13. Bxe4 Rc8 14. O-O Bg7 15.
c3 O-O 16. Nc2 f5 17. Bg2 Kh8 18. Ncb4 Nxb4 19. Nxb4 a5 20. Nd5 e4 21. Nf4 Bf7
22. Qd2 Qb6 23. Rfd1 Be5 24. Nd5 Bxd5 25. Qxd5 f4 26. Qxe4 fxg3 27. hxg3 Qxf2+
28. Kh1 Qxg3 0-1

[Event "Titled Tue 3rd Jan Late"]
[Site "chess.com INT"]
[Date "2025.06.03"]
[Round "7"]
[White "Petrenko, Maryna"]
[Black "Ocampos, Ian"]
[Result "1-0"]
[WhiteTitle "WFM"]
[WhiteElo "2116"]
[BlackElo "2219"]
[WhiteFideId "14197820"]
[BlackFideId "117544"]
[EventDate "2025.06.03"]

1. d4 f5 2. c4 Nf6 3. Nf3 d6 4. g3 g6 5. Bg2 Bg7 6. O-O Nbd7 7. Nc3 h6 8. Qc2 c6
9. e4 e6 10. Re1 O-O 11. Nh4 Kh7 12. exf5 exf5 13. d5 Ne5 14. dxc6 bxc6 15. Bf4
Nxc4 16. Bxc6 Rb8 17. b3 Nh5 18. Bxh6 Kxh6 19. bxc4 Qa5 20. Qd2+ Kh7 21. Qg5
Qxc3 22. Qxg6+ 1-0

[Event "Titled Tue 3rd Jan Late"]
[Site "chess.com INT"]
[Date "2025.06.03"]
[Round "7"]
[White "Deng, Henry"]
[Black "Lazavik, Denis"]
[Result "0-1"]
[WhiteTitle "FM"]
[BlackTitle "GM"]
[WhiteElo "2327"]
[BlackElo "2577"]
[WhiteFideId "30965454"]
[BlackFideId "13515110"]
[EventDate "2025.06.03"]

1. e4 c6 2. d4 d5 3. Nd2 dxe4 4. Nxe4 Nf6 5. Nxf6+ exf6 6. c3 Bd6 7. Bd3 O-O 8.
Qc2 Re8+ 9. Ne2 h5 10. O-O Nd7 11. Ng3 Bxg3 12. hxg3 Nf8 13. Be3 Be6 14. Rae1
Qd7 15. b3 b5 16. c4 bxc4 17. bxc4 Ng6 18. Bxg6 fxg6 19. Rb1 Bf5 20. Qb3 Bxb1
21. Rxb1 Kh7 22. Qb7 Qe6 23. d5 cxd5 24. cxd5 Qe4 25. Rc1 Rad8 26. Rc7 Rg8 27.
Rd7 Rxd7 28. Qxd7 h4 29. Kh2 g5 30. d6 Kg6 31. g4 Rb8 32. Bxa7 Qe5+ 33. Kh3 Rb1
34. Qf5+ Qxf5 35. gxf5+ Kxf5 36. d7 Rh1# 0-1

[Event "Titled Tue 3rd Jan Late"]
[Site "chess.com INT"]
[Date "2025.06.03"]
[Round "7"]
[White "Mekhitarian, Krikor Sevag"]
[Black "Hernandez Leon, Sergio"]
[Result "1-0"]
[WhiteTitle "GM"]
[BlackTitle "CM"]
[WhiteElo "2564"]
[BlackElo "2106"]
[WhiteFideId "2107660"]
[BlackFideId "2285622"]
[EventDate "2025.06.03"]

1. Nf3 d5 2. c4 dxc4 3. Na3 g6 4. Nxc4 Bg7 5. g3 Nc6 6. Bg2 e5 7. d3 Nge7 8. O-O
O-O 9. Bg5 f6 10. Be3 Be6 11. Rc1 Nd5 12. Nfd2 Nce7 13. Bc5 b6 14. Be3 c5 15.
Ne4 Nf5 16. Bd2 Rc8 17. a3 Nc7 18. b4 Bxc4 19. Rxc4 cxb4 20. Bxb4 Re8 21. g4 a5
22. gxf5 axb4 23. fxg6 hxg6 24. axb4 Nd5 25. Qb3 Rxc4 26. Qxc4 b5 27. Qxd5+ 1-0

[Event "Titled Tue 3rd Jan Late"]
[Site "chess.com INT"]
[Date "2025.06.03"]
[Round "7"]
[White "Kleimenov, Nikolay"]
[Black "Mendes Aaron Reeve"]
[Result "1/2-1/2"]
[WhiteTitle "CM"]
[BlackTitle "IM"]
[WhiteElo "2198"]
[BlackElo "2335"]
[WhiteFideId "34414223"]
[BlackFideId "25954938"]
[EventDate "2025.06.03"]

1. e4 g6 2. d4 d6 3. Nc3 Bg7 4. Be3 Nd7 5. f3 e5 6. Qd2 Ngf6 7. Nge2 h5 8. O-O-O
O-O 9. Rg1 a6 10. g4 b5 11. g5 Nh7 12. h4 Bb7 13. Bh3 Nb6 14. b3 b4 15. Nb1 a5
16. dxe5 Bxe5 17. Bd4 Qe7 18. Bxe5 dxe5 19. Qe3 a4 20. Kb2 axb3 21. cxb3 Ra5 22.
Nc1 Rfa8 23. Rg2 c5 24. Nd2 Bd5 25. Qd3 Qa7 26. exd5 Rxa2+ 27. Nxa2 Qa3+ 28. Kb1
Qxa2+ 29. Kc1 Qa3+ 30. Kc2 Qa2+ 31. Kc1 Qa3+ 32. Kc2 Qa2+ 33. Kc1 1/2-1/2

[Event "Titled Tue 3rd Jan Late"]
[Site "chess.com INT"]
[Date "2025.06.03"]
[Round "7"]
[White "Gonzalez Vega, Alejandro"]
[Black "Harriott, Tyrell"]
[Result "0-1"]
[WhiteTitle "FM"]
[WhiteElo "2092"]
[BlackElo "1924"]
[WhiteFideId "3510042"]
[BlackFideId "2086484"]
[EventDate "2025.06.03"]

1. d4 d6 2. c4 Nf6 3. Nc3 Nbd7 4. Nf3 e5 5. e3 Be7 6. Be2 O-O 7. O-O c6 8. Rb1
Qc7 9. b4 Re8 10. Re1 Nf8 11. Qc2 Ng6 12. h3 Bf8 13. a4 Qe7 14. b5 Bd7 15. Ba3
e4 16. Nd2 Qe6 17. a5 a6 18. bxc6 bxc6 19. Rb7 Qf5 20. Reb1 Nh4 21. Nf1 Nxg2 22.
Rxd7 Qxh3 23. Ng3 Nh4 24. Bg4 Qg2# 0-1

[Event "Titled Tue 3rd Jan Late"]
[Site "chess.com INT"]
[Date "2025.06.03"]
[Round "7"]
[White "Tilahun, Abel Mathewos"]
[Black "Garcia Correa, Jose Ricardo"]
[Result "1-0"]
[WhiteTitle "CM"]
[BlackTitle "FM"]
[WhiteElo "1944"]
[BlackElo "2103"]
[WhiteFideId "15702391"]
[BlackFideId "5101832"]
[EventDate "2025.06.03"]

1. e4 c5 2. Nf3 e6 3. d4 cxd4 4. Nxd4 a6 5. c4 Nc6 6. a3 Qc7 7. Be3 Nf6 8. Nc3
Ne5 9. Rc1 b6 10. f3 Bb7 11. Be2 Be7 12. O-O Ng6 13. b4 d6 14. Qd2 O-O 15. Rc2
Rfd8 16. Rfc1 Rac8 17. Bf1 Ne5 18. Na4 Ned7 19. Nb3 Ba8 20. Qf2 Rb8 21. Rc3 Qb7
22. c5 dxc5 23. bxc5 bxc5 24. Nbxc5 Nxc5 25. Nxc5 Qb2 26. R1c2 Qb1 27. Nxa6 Rb3
28. Rxb3 Qd1 1-0